La educación informal como elemento integración social /

Saved in:
Bibliographic Details
Main Author: Eguiluz González, Vanesa
Format: Text
Tags: Add Tag
No Tags, Be the first to tag this record!

MARC

LEADER 00000 a a2200000 04500
001 42211
003
040
100 |a Eguiluz González, Vanesa  
245 |a La educación informal como elemento integración social /  |c Vanesa Eguiluz González  
773 |g volumen17, número9 ( , 2008), páginas 33-40  
999 |c 32918  |d 32918